[Event "Sigeman & Co 15th"]
[Site "Malmo"]
[Date "2007.04.19"]
[Round "2"]
[White "Timman, Jan H"]
[Black "Hector, Jonny"]
[Result "0-1"]
[WhiteElo "2545"]
[BlackElo "2537"]
[Annotator "Rogozenco,D"]
[PlyCount "56"]
[EventDate "2007.04.18"]
[EventType "tourn"]
[EventRounds "9"]
[EventCountry "SWE"]
[EventCategory "13"]
[SourceTitle "CBM 118"]
[Source "ChessBase"]
[SourceDate "2007.05.31"]
[SourceVersion "1"]
[SourceVersionDate "2007.05.31"]
[SourceQuality "1"]

1. d4 d5 2. c4 c6 3. Nc3 e5 4. dxe5 d4 5. Ne4 Qa5+ 6. Nd2 Nd7 7. e6 {After the
present game this ambitious advance and very likely the entire variation 6.Nd2
will lose its last adherents.} ({Better is the more realistic} 7. Ngf3 Nxe5 8.
Nxd4 Nxc4 9. e3 $11) 7... Ne5 $1 $146 {A surprising novelty in a well-known
position. Black prefers to sacrifice a pawn for quick development rather than
play slightly inferior positions with equal material. The amazing thing is
that Hector produces the novelty against a strong opponent, a specialist in
the variation.} (7... fxe6 8. g3 (8. Ngf3 e5 9. g3 Ndf6 10. Bg2 Bf5 11. O-O Rd8
12. a3 h6 13. b4 Qc7 (13... Bxb4 $2 14. Nb3 $18) 14. e3 dxe3 15. fxe3 $16 {
1-0 Matveeva,S (2440)-Zhukova,N (2460)/Elista 1998 (27)}) 8... Ne5 (8... Ngf6
9. Bg2 Be7 10. Ngf3 e5 11. O-O Qc7 12. Re1 O-O 13. e3 dxe3 14. Rxe3 Ng4 15. Re2
$13 {1-0 Nikolic,P (2645)-Schwartzman,G (2495)/Wijk aan Zee 1995 (109)}) 9. Qc2
Nf6 10. Bg2 Be7 11. Nh3 Nf7 12. O-O e5 13. f4 $14 {1-0 Timman,J (2620)-Nikolic,
P (2635)/Manila 1992 (64)}) 8. exf7+ Kxf7 9. g3 {After this most natural move
in the position Black will quickly create a very strong initiative. This is a
sign that "the Hector gambit" is perfectly sound.} ({White can do nothing
about the extremely unpleasant pin of his Nd2. For instance} 9. a3 {doesn't
solve the problem:} Nf6 10. Rb1 (10. b4 Bxb4 $19) 10... c5 $44 ({Less
convincing is} 10... Bf5 11. b4 Re8 $5 12. Rb3 Qd8 13. Ndf3)) (9. Ngf3 Nxf3+
10. gxf3 (10. exf3 Bf5 $17) 10... Nf6 11. Bg2 Bd6 $44) 9... Nf6 10. Bh3 ({
In the event of the natural} 10. Bg2 {Black can continnue} d3 $5 {and White
can't conveniently complete his development:} 11. Nh3 (11. Ngf3 Nxf3+ 12. Bxf3
dxe2 13. Qxe2 Bh3 $19) 11... dxe2 12. Qxe2 Bg4 13. f3 Re8 $19) 10... Bb4 (10...
d3 11. Bxc8 Rxc8 12. Nh3) 11. Kf1 Re8 12. Nb3 Qa6 13. Nxd4 ({White had to play
something like} 13. Kg2 Bxh3+ 14. Nxh3 Rad8 15. a3 Bf8 {even if Black's
advantage unquestioned there too. The move made by Timman allows Black to to
activate the rook quickly.}) 13... Bxh3+ 14. Nxh3 Rad8 15. Qb3 Rxd4 16. Qxb4
Nxc4 $17 17. Qb3 Kf8 18. Nf4 c5 19. Qc2 Qc6 20. Rg1 $2 {Loses by force.} (20.
f3 {still holds for a while the "ugly" position, although it is not clear what
to do next after a move like} Kg8 $17 (20... Ng4 {allows} 21. Qxh7 {with
unnecessary complications})) (20. Kg1 $142 $17) 20... Ng4 21. Rg2 Qe4 $1 22.
Nd3 (22. Qxe4 Rd1# {would have been a nice finish}) 22... Qf5 23. Qc3 (23. Kg1
Qxd3 $1 $19 ({much stronger than} 23... Rxd3 $2 24. Bf4 $1 {and White regains
the piece.})) 23... Nge3+ 24. Kg1 {A picturesque position with a fianchettoed
rook.} Nxg2 25. Kxg2 Rxe2 26. Nf4 Qe4+ 27. Qf3 Qxf3+ 28. Kxf3 Re1 0-1

[Event "RUS-ch Superfinal 61st"]
[Site "Moscow"]
[Date "2008.10.09"]
[Round "6"]
[White "Maslak, Konstantin"]
[Black "Vitiugov, Nikita"]
[Result "1/2-1/2"]
[WhiteElo "2544"]
[BlackElo "2638"]
[Annotator "Rogozenco,D"]
[PlyCount "84"]
[EventDate "2008.10.03"]
[EventType "tourn"]
[EventRounds "11"]
[EventCountry "RUS"]
[EventCategory "17"]
[SourceTitle "CBM 127"]
[Source "ChessBase"]
[SourceDate "2008.11.13"]
[SourceVersion "1"]
[SourceVersionDate "2008.11.13"]
[SourceQuality "1"]

1. d4 d5 2. c4 c6 3. Nc3 dxc4 4. e4 b5 5. a4 b4 6. Na2 Nf6 7. e5 Nd5 8. Bxc4 e6
9. Nf3 Ba6 {The popularity of this move is increasing lately, since several
games showed that Black can do without ...a5. His plan is to advance ...c5
quickly.} 10. Bxa6 {One of the main options.} ({The other moves are 10.Qe2 (10.
Qd3) and 10.b3:} 10. Qe2 Bxc4 11. Qxc4 Qb6 (11... Nb6 12. Qc2 Qd5 {1/2-1/2
Lukacs,P (2415)-Hajnal,Z (2437)/Hungary 2006} 13. b3 N8d7 14. O-O c5 $5 15. a5
$140 c4 $1 $13 {/=}) 12. O-O Qa6 13. b3 (13. Qxa6 Nxa6 14. Bd2 c5 15. dxc5 (15.
Rac1 h6 $5) 15... Bxc5 16. Nc1 h6 17. Nb3 Rc8 18. Rfc1 Kd7 $11) 13... Qxc4 14.
bxc4 Nb6 15. c5 Nd5 16. Bd2 (16. a5 $4 b3 $19) 16... a5 $11 {1-0 Brynell,S 
(2459)-Akesson,J (2360)/Gothenburg 2004 (39)}) ({And} 10. b3 c5 ({Now that
White does not have the b3-square for his knight, Black can also consider} 
10... Bb7 11. Bd2 a5 {The blitz game Dreev,A (2697)-Korotylev,A (2609)/Moscow 
(blitz) 2006 continued} 12. Nc1 Nd7 13. Nd3 Be7 14. O-O O-O 15. Qe2 c5 16. dxc5
Nxc5 17. Nxc5 Bxc5 18. Rac1 {with equality.}) 11. O-O Bxc4 12. bxc4 Nc7 13. Be3
(13. Bg5 $5) 13... Nc6 14. Nc1 cxd4 15. Bxd4 (15. Nxd4 Nxd4 (15... Nxe5 16. Qe2
$44) 16. Bxd4 Be7 $11) 15... Nxd4 (15... Be7 $142 16. Nb3 O-O $11) 16. Nxd4 Bc5
17. Nb5 Nxb5 (17... Qxd1 $142 18. Rxd1 (18. Nxc7+ Kd7 19. Rxd1+ Kxc7 20. Nb3
Be7 $11) 18... Na6 19. Nb3 Ke7 $11) 18. axb5 Bd4 (18... O-O $14) 19. Ra6 $1
Bxe5 20. Qh5 Qf6 21. Re1 ({Even better is} 21. Nd3 Bd4 (21... Bc3 22. Qc5 $16)
22. Nxb4 O-O 23. Nc6 {with advantage}) 21... Rd8 22. g3 Rd2 $2 (22... Bd6 $13)
23. Re2 $2 (23. Rxe6+ $1 Qxe6 24. Rxe5 {wins}) 23... Rd1+ 24. Kg2 Rxc1 25. b6
axb6 26. Ra8+ Ke7 27. Rxh8 b3 $11 {1/2-1/2 Milov,V (2653)-Milman,L (2439)/
Minneapolis 2005 (41)}) 10... Nxa6 11. O-O (11. Qd3 Qb6 12. O-O c5 13. Be3 Rc8
$5 {[%cal Gc5c4]} (13... Be7 $11) 14. Rfc1 {[%csl Ra2]} Be7 15. Qb5+ $1 Qxb5
16. axb5 Nac7 17. Bd2 O-O 18. dxc5 Nxb5 19. Nxb4 Rxc5 $11) (11. Bg5 Qb6 12. Nc1
(12. O-O h6 13. Bd2 Be7 14. Qe2 O-O 15. Nc1 c5 16. Nb3 Rfc8 17. Rfc1 cxd4 18.
Nfxd4 Nc5 19. Qg4 Kf8 20. a5 Qa6 21. Nxc5 Rxc5 {1/2-1/2 Halkias,S (2548)
-Sitnikov,A (2429)/Kavala 2005}) 12... h6 13. Bd2 c5 14. Qe2 Rc8 15. Qb5+ Qxb5
16. axb5 Nac7 17. Rxa7 (17. dxc5 $142 Bxc5 (17... Nxb5 18. Nd3 $14 Bxc5 $2 19.
Rc1) 18. Nd3 Bb6 19. Nxb4 Nxb4 20. Bxb4 Nxb5 21. O-O Rc4 $11) 17... c4 $1 $15 {
0-1 Jussupow,A (2583)-Rustemov,A (2552)/Germany 2007 (74)} (17... Nxb5 {
leads only to equality after} 18. Rb7 Nxd4 19. Nxd4 cxd4 20. Ke2 Be7 21. Nb3
$11)) (11. Bd2 Be7 12. Qe2 Qb6 13. Nc1 c5 14. Qb5+ (14. Nb3 O-O $11) 14... Qxb5
15. axb5 Nac7 16. dxc5 (16. Nb3 $2 c4) 16... Bxc5 17. Nd3 Bb6 18. Nxb4 Nxb4 19.
Bxb4 Nxb5 20. Ke2 (20. Rd1 a5 $11) 20... O-O-O $1 {1/2-1/2 Jussupow,A (2587)
-L'Ami,E (2610)/Amsterdam 2008 (47)}) 11... c5 12. Bg5 $146 (12. Qe2 Nb8 (12...
Qb6 $5 13. a5 Qb7 $11 (13... Qxa5 $2 14. Nc3 Nxc3 15. bxc3 Qxa1 16. Qb5+ Kd8
17. Bg5+ $18)) 13. Rd1 Nc6 {0-1 Kryakvin,D (2488)-Deutsch,E (2362)/playchess.
com 2006 (42)}) 12... Qb6 (12... Be7 $6 {would be a typical positional mistake.
First of all Black should normally avoid the trade of the bishops. Secondly,
the b6-square is optimal for the black queen in this variation. Finally, when
White has the bishop on g5 Black will later win an important tempo with ...h6.}
13. Bxe7 Qxe7 14. Qd3 Qb7 (14... Nac7 15. Nc1 O-O 16. dxc5 Qxc5 17. Ng5 g6 18.
Qh3 h5 19. Nd3 $14) 15. Nc1 (15. Qb5+ $5) 15... O-O 16. Ng5 g6 17. Qh3 h5 18.
Ne2 $14) 13. Nd2 ({In the event of} 13. Nc1 {White must reckon with} c4 $1)
13... h6 14. Bh4 (14. Nc4 Qc6 15. Bd2 cxd4 $15) 14... Qb7 {A good move, but
Black had an attractive alternative:} (14... cxd4 $5 15. Nc4 Qc6 16. Qxd4 Bc5 {
and if} 17. Qg4 {then suddenly Black takes over the initiative with} g5 18. Bg3
h5 19. Qxg5 h4 20. Bxh4 (20. Bf4 Nxf4 21. Qxf4 Rg8 22. g3 h3 $19) (20. Qg7
O-O-O 21. Nd6+ Kb8 $19) 20... Be7 21. Nd6+ Kd7 {with favourable complications.}
) 15. dxc5 {This allows Black to bring conveniently the knight into play.} ({
After} 15. Ne4 cxd4 16. Qxd4 {strong is} (16. Nc1 Nc3 $1 $132) 16... Nb8 $1 {
and the pawn e5 becomes a weakness. The position would have remained
double-edged.}) 15... Nxc5 {Now Black has the advantage.} 16. Nc4 ({In the
event of} 16. Qf3 Nxa4 17. Nc1 Nc5 {White's compensation for the pawn is
hardly sufficient.}) (16. Bg3 {protects against Nf4, but allows Black to
complete development.} Be7 $15) (16. Nc1 Nf4 17. Qf3 (17. Nf3 g5 18. Bg3 Rd8
19. Qc2 Nxg2 20. Kxg2 g4 $17) 17... Qxf3 18. Nxf3 Be7 $15) 16... Nf4 17. f3 g5
18. Bg3 Rd8 19. Nd6+ (19. Qe1 $2 Ncd3 $19) 19... Bxd6 20. exd6 Ncd3 21. Nc1
Qb6+ 22. Kh1 Qxd6 23. Nxd3 Qxd3 $17 24. Qc1 $1 Ne2 (24... Qd6 $5) 25. Qc6+ Qd7
26. Qc5 Nxg3+ 27. hxg3 Qd6 (27... Qe7 28. Qb5+ Kf8 $17) 28. Qxa7 Qxg3 29. Rfd1
O-O 30. a5 Ra8 (30... Rc8 $5 31. Rd2 (31. Rac1 Rxc1 32. Rxc1 Qe5 $17) 31... Rc4
32. a6 Rh4+ 33. Kg1 Qh2+ 34. Kf2 g4 $40) 31. Qd4 b3 32. a6 Rfc8 33. Rdc1 Rxc1+
({The last chance to try to convert the extra pawn was} 33... Rd8) 34. Rxc1 Qf4
35. Qxf4 gxf4 36. Ra1 $11 {with such a strong passed pawn White is completely
out of danger.} Kf8 37. Ra4 Ke7 (37... e5 38. Kh2 Ke7 39. Kh3 f5 40. Kh4 Kd6
41. Kh5 e4 42. fxe4 fxe4 43. Rxe4 Rxa6 44. Rxf4 Kc5 45. g4 $11) 38. Rxf4 (38.
Kh2 Kd6 39. Kh3 f5 40. Kh4 Kc5 $11 (40... e5 $11)) 38... Rxa6 39. Rb4 Kf6 40.
Rxb3 Kg5 41. Kh2 e5 42. Rb5 Kf5 1/2-1/2

[Event "WchT 7th"]
[Site "Bursa"]
[Date "2010.01.09"]
[Round "5.3"]
[White "Tomashevsky, Evgeny"]
[Black "Yilmaz, Mustafa"]
[Result "1-0"]
[WhiteElo "2705"]
[BlackElo "2478"]
[Annotator "Rogozenco,D"]
[PlyCount "81"]
[EventDate "2010.01.05"]
[EventType "team-tourn"]
[EventRounds "9"]
[EventCountry "TUR"]
[SourceTitle "CBM 134"]
[Source "ChessBase"]
[SourceDate "2010.01.18"]
[SourceVersion "1"]
[SourceVersionDate "2010.01.18"]
[SourceQuality "1"]
[WhiteTeam "Russia"]
[BlackTeam "Turkey"]
[WhiteTeamCountry "RUS"]
[BlackTeamCountry "TUR"]

1. d4 d5 2. c4 c6 3. Nc3 dxc4 4. e4 b5 5. a4 b4 6. Na2 Nf6 7. e5 Nd5 8. Bxc4 e6
9. Nf3 Ba6 {This sideline brought Black excellent results in practice.} 10.
Bxa6 {For more details about the theory of this variation see Maslak-Vitiugov,
Moscow 2008.} Nxa6 11. O-O ({The following example has somewhat similar ideas
to our main game:} 11. Bd2 Be7 12. Qe2 Qb6 13. Nc1 c5 14. Qb5+ (14. Nb3 O-O $11
) 14... Qxb5 15. axb5 Nac7 {With the knight on c1 this is less effective for
White.} 16. dxc5 (16. Nb3 $2 c4) 16... Bxc5 17. Nd3 Bb6 18. Nxb4 Nxb4 19. Bxb4
Nxb5 20. Ke2 (20. Rd1 a5 $11) 20... O-O-O $1 {1/2-1/2 Jussupow,A (2587)-L'Ami,
E (2610)/Amsterdam 2008 (47)}) 11... c5 12. Qd3 {Formally a novelty, but Qd3
has been played on the previous move and it will be just a transposition.} ({
Another important game is} 12. Qe2 Qb6 13. Bd2 (13. a5 Qb7 14. Bd2 Be7 $11)
13... cxd4 14. Nxd4 Nac7 15. Nb3 Be7 16. a5 Qb7 17. Nac1 O-O 18. Nd3 Rfd8 19.
Ndc5 Qb5 20. Qxb5 Nxb5 21. Ne4 Rac8 22. Rfc1 f6 23. exf6 {1/2-1/2 Turova,I 
(2387)-Demina,J (2378)/St Petersburg 2009}) 12... Qb6 13. Bd2 $1 $146 {The
most efficient way to exploit the weakest spot in Black's position - pawn b4.
Still I think that Black should be able to solve the problems.} Be7 $2 ({
After the correct} 13... cxd4 {(as in Turova-Demina, especially because Black
has an additional tempo here Na6-c5)} 14. Qb5+ (14. a5 Nc5 (14... Qxa5 $6 15.
Nc3 $36) (14... Qb7 $5 15. Nxd4 Bc5 $13) 15. Qxd4 ({Bad is} 15. axb6 Nxd3 16.
Nc1 Nxb2 17. bxa7 (17. Rxa7 Nxb6) (17. b7 Rb8 18. Rxa7 Bc5 $17) 17... Bc5 18.
Nb3 Bb6 {[%cal Ge8d7] with advantage for Black}) (15. Qc4 Qa6 $1 16. Qxa6 (16.
Rfc1 $2 Qxc4 17. Rxc4 Nb3 $17) 16... Nxa6 17. Nxd4 Bc5 18. Nb3 Be7 $11) 15...
Qb7 {[%cal Gc5b3]} 16. Qc4 Rb8 $11) (14. Nxd4 Nc5 15. Qc4 a5 {is also fine for
Black}) 14... Qxb5 15. axb5 Nac7 16. Nxd4 Bc5 17. Nc6 $1 {White has a slight
initiative, but Black neutralizes it:} (17. Nb3 Be7 {doesn't set even
slightest problem for Black}) 17... Nxb5 18. Naxb4 (18. Rfc1 Bd4 $1) (18. Rac1
Be7 19. Nxe7 (19. Rc4 $6 a5) (19. Naxb4 Nxb4 20. Bxb4 (20. Nxe7 $2 Nd3 $19) (
20. Nxb4 Rd8 $11) 20... Bxb4 21. Nxb4 Nd4 22. Rc4 ({or} 22. Rc7 a5 23. Ra1 O-O)
22... Rd8 23. Ra1 a5 24. Rxa5 $140 $2 Nb3 $19) 19... Kxe7 20. Nxb4 Rhc8 21.
Nxd5+ exd5 $132 {[%cal Ge7e6]}) 18... Nxb4 19. Bxb4 (19. Nxb4 Nd4 $11) 19...
Kd7 $1 $11) 14. Qb5+ $1 Qxb5 15. axb5 Nac7 16. dxc5 Bxc5 ({In case of} 16...
Nxb5 17. Nxb4 Bxc5 18. Nxd5 exd5 19. Ra5 a6 20. Rfa1 {White wins a pawn.}) 17.
Rfc1 Be7 18. Nxb4 $1 Bxb4 19. Bxb4 Nxb5 (19... Nxb4 $2 20. Rxc7 $18) (19... Kd7
20. Bc5 Nxb5 21. Ng5 {transposes to the game.}) 20. Bc5 Kd7 21. Ng5 $14 {/+/-}
f6 ({Already here Black must have searched for hidden resources, such as} 21...
Rhc8 22. Nxf7 Nbc3 $1 23. bxc3 Rxc5 {with chances to escape.}) 22. exf6 gxf6
23. Ne4 f5 24. Ng5 $16 {The structure changed in White's favour. In spite of
material equality Black has problems due to multiple pawn weaknesses.} a5 25.
Re1 Ra6 26. Rad1 {Creating the threat is to take with the knight on e6 and
then on d5.} Nbc7 ({A more stubborn defense is} 26... Rc8 27. Nxe6 Rxe6 28.
Rxd5+ Kc6 29. Red1 Re1+ 30. Rxe1 Kxd5 $16) 27. Bd4 Rg8 28. Nxh7 {A wealthy
pawn up in, more active pieces and better structiree make White's position
winning.} Ke7 29. h4 Rg4 30. g3 $18 Rc6 31. Ng5 Rc4 32. Be5 f4 (32... Rc5 33.
f3 Rb4 34. h5 $18) 33. Nxe6 $1 Nxe6 34. Rxd5 fxg3 35. fxg3 a4 36. Kg2 Rg6 37.
Kh3 Kf7 38. Rd7+ Kg8 39. Re7 Rc2 40. Rf1 Re2 41. Re8+ 1-0

[Event "Skopje op 18th"]
[Site "Skopje"]
[Date "2002.01.23"]
[Round "9"]
[White "Efimov, Igor"]
[Black "Rogozenco, Dorian"]
[Result "0-1"]
[WhiteElo "2444"]
[BlackElo "2530"]
[Annotator "Rogozenco,D"]
[PlyCount "56"]
[EventDate "2002.01.15"]
[EventType "swiss"]
[EventRounds "9"]
[EventCountry "MKD"]
[SourceTitle "CBM 088"]
[Source "ChessBase"]
[SourceDate "2002.03.21"]
[SourceVersion "1"]
[SourceVersionDate "2002.03.21"]
[SourceQuality "1"]

1. d4 {Huebner,R} d5 2. c4 c6 3. Nc3 Nf6 4. e3 a6 5. Qc2 e6 6. Bd2 (6. Nf3 {
doesn't seem to put serious opening problems:} c5 7. dxc5 (7. cxd5 exd5 8. Be2
Nc6 9. O-O Be6 10. dxc5 Bxc5 11. b3 Rc8 12. Bb2 O-O 13. Rac1 Ba7 14. Rfd1 Qe7
15. Qb1 Rfd8 16. Ng5 d4 17. Nxe6 Qxe6 18. Bc4 Qg4 19. exd4 {1/2-1/2 Gurevich,
M-Morozevich,A/Moscow RUS 2001}) (7. a3 dxc4 8. Bxc4 Nbd7 $11) 7... Bxc5 8. a3
dxc4 9. Bxc4 Nbd7 10. b4 Bd6 11. Bb2 b5 12. Ne4 Be7 13. Bd3 Bb7 14. Rd1 Qc8 15.
Qb1 Nxe4 16. Bxe4 Bf6 17. Rc1 Qb8 $11 {1/2-1/2 Chatalbashev,B-Georgiev,V/
Reggio Emilia 2002 (23)}) (6. Nf3 {(Huebner,R) ist üblich. Der Textzug ist
nicht stärker.}) 6... dxc4 ({The idea of 6.Bd2 can be seen in the following
variation:} 6... c5 7. dxc5 Bxc5 8. cxd5 exd5 9. Nb5 Nbd7 10. b4 Bb6 11. Nd6+
Ke7 12. Nf5+ Kf8 13. Bc3 g6 14. Nd4 Ne4 15. Ne6+ fxe6 16. Bxh8 Qe7 17. Qb2 e5 {
with wild complications, 1/2-1/2 Timman,J-Morozevich,A/Wijk aan Zee 2002 (59)})
7. Bxc4 c5 {Black's concept might appear slightly dubious: he took on c4
allowing White to take back in one step (Bf1xc4), in opposite to say Meran
Variation, where White takes Bf1-d3xc4. And in opposite to Queen's Gambit
Accepted (where White also takes on c4 with the bishop from f1) here Black
played c5 with a loss of tempo (c7-c6-c5).  Still if one compares this
position with QGA, then one can notice that White's pieces are also far from
perfect on d2 and c2.} 8. Nf3 b5 9. Be2 cxd4 10. Nxd4 Bb7 {'=' Huebner,R.} 11.
O-O {Huebner,R: 'In der Vorgängerpartie folgte'} (11. Bf3 Bxf3 (11... Qc7 $5
12. Rc1 Bxf3 13. gxf3 Nbd7) 12. gxf3 $5 {'?!' Huebner,R.} (12. Nxf3 Nbd7 $11) (
12. Nxf3 $11 {Huebner,R}) 12... Nbd7 13. a4 b4 14. Ne4 Rc8 15. Nxf6+ Nxf6 16.
Qb3 Qd7 $6 (16... Bc5 {and Black looks okay.} 17. Bxb4 $140 $2 Rb8 18. Nc6
Bxb4+ 19. Kf1 Qd6 20. Nxb8 Qxb8 $17) (16... Bc5 $5 $17 {Huebner,R}) 17. a5 Bc5
18. Rg1 O-O 19. Bxb4 $1 e5 {'??' Huebner,R.} (19... Bxb4+ {Huebner,R} 20. Qxb4
e5 $15) 20. Bxc5 Rxc5 21. Qb6 $1 $18 {1-0 Volkov,S-Gutkin,B/Biel 1999}) 11...
Nbd7 12. a4 $6 {A dubious move. White is trying to seize the initiative before
Black finishes development, but fails to do so and only helps Black to develop
a strong queenside initiative himself.} (12. Bf3 Bxf3 13. Nxf3 $11) (12. Bf3 {
(Huebner,R) führt zum Ausgleich. Nach dem fehlerhaften Textzug gerät der
Damenspringer des Weißen außer Spiel.}) 12... b4 13. Na2 Rc8 14. Qd1 a5 15. Rc1
{'?' Huebner,R. Huebner,R: 'Danach bleibt der Springer auf a2 eine Leiche. Mit'
} (15. Nc1 {(Huebner,R) hätte Weiß den Schaden in Grenzen halten können.})
15... Bc5 $1 $15 {/-/+} 16. Bf3 Ne4 17. Rc4 $2 {'?!' Huebner,R.} ({Nach} 17.
Nb3 {Huebner,R} O-O ({Weniger überzeugend ist} 17... Bb6 {Huebner,R} 18. Rxc8
Qxc8 19. Nac1 {, und Weiß krabbelt aus seinen Löchern heraus.}) 18. Qe2 Bd5 19.
Bxe4 Bxe4 20. Rfd1 Bd5 21. Nxc5 Nxc5 {ist Weiß ebenfalls verloren. Der Textzug
kostet sofort Material.}) 17... Nxd2 (17... Bd5 18. Nxe6 fxe6 19. Rxe4 Bxa2 20.
b3 {was less clear}) 18. Qxd2 Ba6 $19 19. Nb5 Nb6 20. Qxd8+ Kxd8 21. Rg4 Nxa4
22. Be2 Nxb2 23. Rxg7 Ke7 24. Rb1 Na4 25. Rg5 Rhd8 26. Nbc3 Nxc3 27. Nxc3 bxc3
28. Bxa6 c2 0-1